Detalles MARC
| 000 -CABECERA |
| Longitud fija campo de control |
01846nam a2200277 i 4500 |
| 005 - • FECHA Y HORA DE LA ÚLTIMA TRANSACCIÓN |
| Fecha y hora de la última transacción |
20220317000640.0 |
| 008 - • CÓDIGOS DE INFORMACIÓN DE LONGITUD FIJA |
| Códigos de información de longitud fija |
160601s2004 ck gs 000 0 spa d |
| 020 ## - • NÚMERO INTERNACIONAL NORMALIZADO PARA LIBROS |
| Número Internacional Normalizado para Libros (ISBN) |
9586825248 |
| 040 ## - FUENTE DE LA CATALOGACIÓN |
| Centro catalogador de origen |
CO-BoRNBP |
| Lengua de catalogación |
spa |
| Centro transcriptor |
CO-BoRNBP |
| Normas de descripción |
rda |
| 082 04 - • NÚMERO DE LA CLASIFICACIÓN DECIMAL DEWEY |
| Número de clasificación (R) |
303.69 |
| Número del ítem |
C65 |
| 245 00 - • TITULO PROPIAMENTE DICHO |
| Título |
Conflicto y paz en Colombia |
| Resto del título |
consecuencias y perspectivas para el futuro, ponencias del seminario |
| 250 ## - • MENCIÓN DE EDICIÓN |
| Mención de edición |
Primera edición |
| 264 #1 - PRODUCCIÓN, PUBLICACIÓN , DISTRIBUCIÓN, FABRICACIÓN Y COPYRIGHT |
| Lugar de producción, publicación, distribución, fabricación |
Bogotá |
| Nombre del productor, editor, distribuidor, fabricante |
Alfaomega |
| Fecha de de producción, publicación, distribución, fabricación o copyright |
2004 |
| 300 ## - • DESCRIPCIÓN FÍSICA |
| Extensión |
72 páginas |
| Dimensiones |
21 cm |
| 336 ## - TIPO DE CONTENIDO |
| Término de tipo de contenido |
texto |
| Código de tipo de contenido |
txt |
| Fuente |
rdacontent |
| 337 ## - TIPO DE MEDIO |
| Nombre del tipo de medio |
sin mediación |
| Código del tipo de medio |
n |
| Fuente |
rdamedia |
| 338 ## - TIPO DE SOPORTE |
| Nombre del tipo de soporte |
volumen |
| Código del tipo de soporte |
nc |
| Fuente |
rdacarrier |
| 490 ## - • MENCIÓN DE SERIE |
| Mención de serie |
Libros de cambio |
| 500 ## - • NOTA GENERAL |
| Nota general |
El libro recoge las versiones cortas de las ponencias del seminario : Conflic and Peace in Colombia. Consequences and perspectivas for the future |
| 505 1# - • NOTA DE CONTENIDO CON FORMATO |
| Nota de contenido con formato |
El primer año del gobierno Uribe : dimensiones políticas, económicas y de seguridad -- Vuelve la esperanza : balance y desafíos de la administración de Álvaro Uribe Vélez en su primer año -- Rodrigo Pardo -- Perspectivas del desarrollo económico Colombiano : los retos del gobierno de Álvaro Uribe Vélez -- Eduardo Lora -- El primer año del gobierno Uribe : dimensiones políticas, económicas y de seguridad -- Alfredo Rangel -- Los costos sociales y económicos del conflicto y de la paz -- El costo social del conflicto e iniciativas locales de paz en Colombia -- Caroline Moser -- El desplazamiento interno forzado en Colombia -- Edgar Forero , Verónica Gómez -- Perspectivas futuras del conflicto, la paz y las relaciones bilaterales -- Perspectivas de paz para Colombia -- Juan Manuel Santos |
| 650 14 - • PUNTO DE ACCESO ADICIONAL DE MATERIA - TÉRMINO DE MATERIA |
| Término de materia o nombre geográfico como elemento inicial |
Paz |
| Subdivisión cronológica |
Siglo XX |
| Subdivisión geográfica |
Colombia |
| Fuente del encabezamiento o término |
LEMB |
| 650 14 - • PUNTO DE ACCESO ADICIONAL DE MATERIA - TÉRMINO DE MATERIA |
| Término de materia o nombre geográfico como elemento inicial |
Violencia |
| Subdivisión cronológica |
Siglo XX |
| Subdivisión geográfica |
Colombia |
| Fuente del encabezamiento o término |
LEMB |
| 650 14 - • PUNTO DE ACCESO ADICIONAL DE MATERIA - TÉRMINO DE MATERIA |
| Término de materia o nombre geográfico como elemento inicial |
Violencia social |
| Fuente del encabezamiento o término |
LEMB |
| 650 14 - • PUNTO DE ACCESO ADICIONAL DE MATERIA - TÉRMINO DE MATERIA |
| Término de materia o nombre geográfico como elemento inicial |
Solución de conflictos |
| Subdivisión de materia general |
Aspectos económicos |
| Fuente del encabezamiento o término |
LEMB |
| 942 ## - ENTRADA DE ELEMENTOS AGREGADOS (KOHA) |
| Fuente de clasificaión o esquema |
Dewey Decimal Classification |
| Koha [por defecto] tipo de item |
LIbro |